[Event "GBR-ch 98th"]
[Site "Sheffield"]
[Date "2011.07.30"]
[Round "6"]
[White "Salimbeni, George PW"]
[Black "Dines, Sheila"]
[Result "1/2-1/2"]
[WhiteElo "2150"]
[BlackElo "1889"]
[PlyCount "37"]
[EventDate "2011.07.24"]
[EventType "swiss"]
[EventRounds "11"]
[EventCountry "ENG"]
[SourceTitle "CBM 143 Extra"]
[Source "ChessBase"]
[SourceDate "2011.08.29"]
[SourceVersion "1"]
[SourceVersionDate "2011.08.29"]
[SourceQuality "1"]

1. d4 e6 2. Nf3 d5 3. c4 Nf6 4. Nc3 Nbd7 5. Bg5 c6 6. e3 Qa5 7. Bxf6 Nxf6 8. Bd3 dxc4 9. Bxc4 Bb4 10. Qb3 Nd5 11. Rc1 0-0 12. 0-0 b6 13. Ne5 Bb7 14. e4 Nxc3 15. bxc3 Bd6 16. Nf3 Ba6 17. Rfe1 Bxc4 18. Qxc4 Rac8 19. Qb3 1/2-1/2

[Event "BCF-chT2 1011 (4NCL)"]
[Site "England"]
[Date "2011.05.01"]
[Round "10.18"]
[White "Dines, Sheila"]
[Black "Morrison, Lynne GP"]
[Result "1-0"]
[WhiteElo "1900"]
[BlackElo "1913"]
[PlyCount "39"]
[EventDate "2010.11.06"]
[EventType "team-swiss"]
[EventRounds "11"]
[EventCountry "ENG"]
[SourceTitle "EXT 2012"]
[Source "ChessBase"]
[SourceDate "2011.11.24"]
[SourceVersion "1"]
[SourceVersionDate "2011.11.24"]
[SourceQuality "1"]
[WhiteTeam "Guildford A&DC II"]
[BlackTeam "Barbican Youth"]
[WhiteTeamCountry "ENG"]
[BlackTeamCountry "ENG"]

1. e4 c5 2. Nc3 Nc6 3. f4 d6 4. h3 g6 5. Nf3 Bg7 6. Bc4 e6 7. d3 Nge7 8. 0-0 a6 9. a3 Bd7 10. Qe1 0-0 11. Ne2 d5 12. Ba2 dxe4 13. dxe4 Kh8 14. Qh4 f6 15. Bd2 e5 16. fxe5 Nxe5 17. Nxe5 fxe5 18. Rxf8+ Bxf8 19. Bg5 h5 20. Rf1 1-0

[Event "BCF-chT2 1011 (4NCL)"]
[Site "England"]
[Date "2011.03.27"]
[Round "8.38"]
[White "Dines, Sheila"]
[Black "Merry, Alan B"]
[Result "1/2-1/2"]
[WhiteElo "1900"]
[BlackElo "1979"]
[PlyCount "64"]
[EventDate "2010.11.06"]
[EventType "team-swiss"]
[EventRounds "11"]
[EventCountry "ENG"]
[SourceTitle "EXT 2012"]
[Source "ChessBase"]
[SourceDate "2011.11.24"]
[SourceVersion "1"]
[SourceVersionDate "2011.11.24"]
[SourceQuality "1"]
[WhiteTeam "Guildford A&DC II"]
[BlackTeam "Anglian Avengers"]
[WhiteTeamCountry "ENG"]
[BlackTeamCountry "ENG"]

1. e4 Nc6 2. d4 e5 3. dxe5 Nxe5 4. Nf3 Qf6 5. Nxe5 Qxe5 6. Bd3 Bb4+ 7. c3 Bc5 8. 0-0 Nf6 9. Nd2 0-0 10. Kh1 d5 11. f4 Qe7 12. e5 Ng4 13. Qe1 f6 14. h3 Nh6 15. Nb3 Bb6 16. Nd4 fxe5 17. fxe5 Rxf1+ 18. Qxf1 Nf7 19. Bf4 Bxd4 20. cxd4 Be6 21. Qf2 c6 22. Qg3 Rf8 23. Bd2 Nh8 24. a3 Rf7 25. Bg5 Qc7 26. Qh4 Ng6 27. Bxg6 hxg6 28. Bd8 Qd7 29. Kg1 c5 30. dxc5 Qb5 31. Qd4 Qe2 32. Bh4 Rf5 1/2-1/2

[Event "Uxbridge e2e4 Autumn (Women)"]
[Site "Uxbridge"]
[Date "2010.08.15"]
[Round "9"]
[White "Dines, Sheila"]
[Black "Blackburn, Suzie G"]
[Result "0-1"]
[WhiteElo "1931"]
[BlackElo "1916"]
[PlyCount "44"]
[EventDate "2010.08.11"]
[EventType "tourn"]
[EventRounds "9"]
[EventCountry "ENG"]
[SourceTitle "CBM 137 Extra"]
[Source "ChessBase"]
[SourceDate "2010.09.01"]
[SourceVersion "1"]
[SourceVersionDate "2010.09.01"]
[SourceQuality "1"]

1. e4 e6 2. d4 d5 3. Nc3 Nf6 4. Bg5 Be7 5. e5 Nfd7 6. h4 a6 7. Qg4 Kf8 8. Rh3 c5 9. Rf3 Bxg5 10. hxg5 Qe7 11. Nxd5 exd5 12. e6 Nb6 13. 0-0-0 Bxe6 14. Qh5 Kg8 15. Rg3 cxd4 16. Ne2 Nc6 17. Nf4 Bf5 18. Be2 Qe4 19. Nd3 Ne5 20. Rd2 Bg6 21. Qh2 Nbc4 22. f3 Qe3 0-1

[Event "Uxbridge e2e4 Autumn (Women)"]
[Site "Uxbridge"]
[Date "2010.08.15"]
[Round "8"]
[White "Hoare, Amy B"]
[Black "Dines, Sheila"]
[Result "1-0"]
[WhiteElo "1909"]
[BlackElo "1931"]
[PlyCount "65"]
[EventDate "2010.08.11"]
[EventType "tourn"]
[EventRounds "9"]
[EventCountry "ENG"]
[SourceTitle "CBM 137 Extra"]
[Source "ChessBase"]
[SourceDate "2010.09.01"]
[SourceVersion "1"]
[SourceVersionDate "2010.09.01"]
[SourceQuality "1"]

1. e4 e5 2. Nf3 Nc6 3. Nc3 Bc5 4. Nxe5 Bxf2+ 5. Kxf2 Nxe5 6. d4 Qf6+ 7. Ke1 Nc6 8. Be3 Nge7 9. Bc4 0-0 10. Qf3 Qd6 11. Rd1 Na5 12. Bd3 Qb4 13. Qh5 c6 14. a3 Qb6 15. b4 d5 16. exd5 g6 17. Qf3 Nxd5 18. Nxd5 cxd5 19. bxa5 Qxa5+ 20. Kf2 Kg7 21. Qf4 Qxa3 22. Qe5+ f6 23. Qxd5 Qe7 24. Rhe1 Qc7 25. Qf3 Rf7 26. Bf4 Qd8 27. Bc4 Rf8 28. d5 Bd7 29. d6 g5 30. Re7+ Kg6 31. Bg3 b5 32. Be2 g4 33. Bd3+ 1-0

[Event "Uxbridge e2e4 Autumn (Women)"]
[Site "Uxbridge"]
[Date "2010.08.14"]
[Round "7"]
[White "Horn, Emilia"]
[Black "Dines, Sheila"]
[Result "0-1"]
[WhiteElo "2009"]
[BlackElo "1931"]
[PlyCount "68"]
[EventDate "2010.08.11"]
[EventType "tourn"]
[EventRounds "9"]
[EventCountry "ENG"]
[SourceTitle "CBM 137 Extra"]
[Source "ChessBase"]
[SourceDate "2010.09.01"]
[SourceVersion "1"]
[SourceVersionDate "2010.09.01"]
[SourceQuality "1"]

1. e4 e5 2. Bc4 Bc5 3. Nc3 Nf6 4. d3 h6 5. Be3 Bb6 6. Qd2 d6 7. Nge2 Be6 8. Nd5 Nbd7 9. 0-0 c6 10. Nxb6 Nxb6 11. Bb3 Ng4 12. f3 Nxe3 13. Qxe3 Qe7 14. f4 exf4 15. Qxf4 0-0-0 16. c4 h5 17. a4 Rh6 18. a5 Nd7 19. d4 g5 20. Qe3 Bg4 21. Nc3 f5 22. d5 c5 23. Qd2 f4 24. h4 gxh4 25. Rxf4 Rh7 26. Raf1 Rg8 27. Kf2 h3 28. g3 h4 29. Qe3 hxg3+ 30. Qxg3 Ne5 31. Ke3 h2 32. Bd1 Rh3 33. Bxg4+ Nxg4+ 34. Rxg4 Rxg3+ 0-1

[Event "Uxbridge e2e4 Autumn (Women)"]
[Site "Uxbridge"]
[Date "2010.08.12"]
[Round "3"]
[White "Lalic, Susan"]
[Black "Dines, Sheila"]
[Result "1-0"]
[WhiteElo "2298"]
[BlackElo "1931"]
[PlyCount "69"]
[EventDate "2010.08.11"]
[EventType "tourn"]
[EventRounds "9"]
[EventCountry "ENG"]
[SourceTitle "CBM 137 Extra"]
[Source "ChessBase"]
[SourceDate "2010.09.01"]
[SourceVersion "1"]
[SourceVersionDate "2010.09.01"]
[SourceQuality "1"]

1. e4 e5 2. Nf3 Nc6 3. d4 exd4 4. Bc4 Nf6 5. Ng5 Ne5 6. Qxd4 Nxc4 7. Qxc4 d5 8. exd5 Qxd5 9. Qe2+ Be7 10. 0-0 h6 11. Re1 Qd8 12. Nf3 Be6 13. Nc3 0-0 14. Bf4 Bc5 15. Rad1 Qe7 16. Nb5 Bb6 17. Nbd4 Rad8 18. Nxe6 Rxd1 19. Qxd1 fxe6 20. Be3 Bxe3 21. Rxe3 Rd8 22. Qe2 Rd6 23. g3 Nd5 24. Re5 Nb4 25. c3 Nc6 26. Re4 Qd7 27. Kg2 a5 28. a4 b6 29. h4 Nd8 30. Ne5 Qe7 31. Rf4 Qe8 32. h5 Nb7 33. Qf3 Nc5 34. Ng6 Rd3 35. Rf8+ 1-0

[Event "GBR-ch 97th"]
[Site "Canterbury"]
[Date "2010.08.05"]
[Round "10"]
[White "Van Kemenade, Rudy"]
[Black "Dines, Sheila"]
[Result "0-1"]
[WhiteElo "1995"]
[BlackElo "1931"]
[PlyCount "66"]
[EventDate "2010.07.26"]
[EventType "swiss"]
[EventRounds "11"]
[EventCountry "ENG"]
[SourceTitle "CBM 137 Extra"]
[Source "ChessBase"]
[SourceDate "2010.09.01"]
[SourceVersion "1"]
[SourceVersionDate "2010.09.01"]
[SourceQuality "1"]

1. e4 e5 2. Nf3 Nc6 3. Bc4 Bc5 4. c3 Nf6 5. d3 d6 6. h3 h6 7. Nbd2 a6 8. Bb3 Qe7 9. a4 Be6 10. Nc4 0-0 11. Be3 Nd7 12. g4 b5 13. Ncd2 Bxe3 14. fxe3 Nc5 15. Bc2 d5 16. exd5 Bxd5 17. axb5 axb5 18. Rxa8 Rxa8 19. e4 Be6 20. Nf1 Rd8 21. Ng3 Nxd3+ 22. Bxd3 Bc4 23. Qc1 Rxd3 24. 0-0 Qc5+ 25. Kg2 Ne7 26. Re1 Ng6 27. Nh5 Qd6 28. g5 Nf4+ 29. Nxf4 exf4 30. e5 Qc6 31. Qxf4 hxg5 32. Qf5 Rxf3 33. Qxf3 Bd5 0-1

[Event "GBR-ch 97th"]
[Site "Canterbury"]
[Date "2010.07.30"]
[Round "5"]
[White "Helbig, Paul"]
[Black "Dines, Sheila"]
[Result "1-0"]
[WhiteElo "2160"]
[BlackElo "1931"]
[PlyCount "63"]
[EventDate "2010.07.26"]
[EventType "swiss"]
[EventRounds "11"]
[EventCountry "ENG"]
[SourceTitle "CBM 137 Extra"]
[Source "ChessBase"]
[SourceDate "2010.09.01"]
[SourceVersion "1"]
[SourceVersionDate "2010.09.01"]
[SourceQuality "1"]

1. e4 e5 2. f4 Bc5 3. Nf3 d6 4. Nc3 Nf6 5. Bc4 Nc6 6. d3 Bg4 7. Na4 Bb6 8. Nxb6 axb6 9. c3 h6 10. 0-0 0-0 11. h3 Bh5 12. g4 Nxg4 13. hxg4 Bxg4 14. Qe1 exf4 15. Bxf4 Ra5 16. Qg3 Bxf3 17. Rxf3 Ne5 18. Bxe5 Rxe5 19. Qg2 Kh8 20. Raf1 g6 21. Rg3 Qe7 22. Rf4 c6 23. d4 Rh5 24. b4 d5 25. Be2 Rg5 26. e5 Rxg3 27. Qxg3 Ra8 28. Bd3 Rxa2 29. Rf6 c5 30. Qh4 Kh7 31. e6 fxe6 32. Qf4 1-0

[Event "GBR-ch 97th"]
[Site "Canterbury"]
[Date "2010.07.29"]
[Round "4"]
[White "Dines, Sheila"]
[Black "Jameson, David"]
[Result "1/2-1/2"]
[WhiteElo "1931"]
[BlackElo "2047"]
[PlyCount "93"]
[EventDate "2010.07.26"]
[EventType "swiss"]
[EventRounds "11"]
[EventCountry "ENG"]
[SourceTitle "CBM 137 Extra"]
[Source "ChessBase"]
[SourceDate "2010.09.01"]
[SourceVersion "1"]
[SourceVersionDate "2010.09.01"]
[SourceQuality "1"]

1. e4 c6 2. d4 d5 3. e5 c5 4. dxc5 Nc6 5. Bf4 e6 6. Nd2 Bxc5 7. Nb3 Bb6 8. Qg4 Kf8 9. c3 Nge7 10. Bd3 Ng6 11. Bxg6 hxg6 12. Nf3 Bd7 13. h4 Rh5 14. Qh3 Bc7 15. g4 Nxe5 16. Bxe5 Rxe5+ 17. Nxe5 Bxe5 18. 0-0-0 a5 19. h5 Qg5+ 20. Kb1 Ba4 21. h6 gxh6 22. Qxh6+ Qxh6 23. Rxh6 Ke7 24. Rd3 Bb5 25. Rdh3 Be2 26. f3 Bd3+ 27. Ka1 Bf1 28. Rh1 Bg2 29. Re1 Kd6 30. Nd4 Bxd4 31. cxd4 Bxf3 32. g5 Be4 33. Rh7 Rf8 34. Rf1 Bf5 35. Re1 b6 36. b3 Be4 37. Rf1 Bf5 38. Rd1 Be4 39. Rf1 Bf5 40. Rd1 f6 41. Rc1 e5 42. Rb7 exd4 43. Rxb6+ Ke5 44. Re1+ Be4 45. Rf1 Bf5 46. Re1+ Be4 47. Rf1 1/2-1/2

[Event "BCF-chT1d 0910 (4NCL) Demotion pool"]
[Site "England"]
[Date "2010.05.01"]
[Round "9.8"]
[White "Turvey Cross, Syringa"]
[Black "Dines, Sheila"]
[Result "0-1"]
[WhiteElo "1770"]
[BlackElo "1931"]
[PlyCount "38"]
[EventDate "2009.10.24"]
[EventType "team-tourn"]
[EventRounds "4"]
[EventCountry "ENG"]
[SourceTitle "EXT 2011"]
[Source "ChessBase"]
[SourceDate "2010.11.26"]
[SourceVersion "1"]
[SourceVersionDate "2010.11.26"]
[SourceQuality "1"]
[WhiteTeam "Poisoned Pawns"]
[BlackTeam "Guildford II"]
[WhiteTeamCountry "ENG"]
[BlackTeamCountry "ENG"]

1. e4 e5 2. f4 exf4 3. Nf3 d5 4. exd5 Bg4 5. Bb5+ c6 6. dxc6 Nxc6 7. d4 Qa5+ 8. Nc3 Bb4 9. Qe2+ Nge7 10. 0-0 0-0 11. Bxc6 Nxc6 12. d5 Nd4 13. Qd3 Nxf3+ 14. gxf3 Bh3 15. Rd1 Qb6+ 16. Kh1 Bxc3 17. Qxc3 Rac8 18. Qd3 Qf2 19. Rg1 Rxc2 0-1

[Event "EU-ch U16 Girls 19th"]
[Site "Fermo"]
[Date "2009.09.09"]
[Round "9"]
[White "Abdulla, Khayala Mardan Qizi"]
[Black "Dines, Sheila"]
[Result "1-0"]
[WhiteElo "2113"]
[BlackElo "1936"]
[PlyCount "39"]
[EventDate "2009.08.31"]
[EventType "swiss"]
[EventRounds "9"]
[EventCountry "ITA"]
[SourceTitle "CBM 132 Extra"]
[Source "ChessBase"]
[SourceDate "2009.11.03"]
[SourceVersion "1"]
[SourceVersionDate "2009.11.03"]
[SourceQuality "1"]

1. e4 e6 2. d4 d5 3. Nc3 Bb4 4. Nge2 dxe4 5. a3 Be7 6. Nxe4 f5 7. N4c3 Nf6 8. Nf4 Nc6 9. Be3 g5 10. Nh5 Rg8 11. Nxf6+ Bxf6 12. Qh5+ Kf8 13. 0-0-0 f4 14. d5 Ne7 15. Ne4 Nxd5 16. Qh6+ Rg7 17. Bc5+ Kf7 18. Qh5+ Kg8 19. Nxf6+ Qxf6 20. Qe8+ 1-0

[Event "EU-ch U16 Girls 19th"]
[Site "Fermo"]
[Date "2009.09.08"]
[Round "8"]
[White "Dines, Sheila"]
[Black "Soylemez, Cansu"]
[Result "1-0"]
[WhiteElo "1936"]
[BlackElo "1879"]
[PlyCount "43"]
[EventDate "2009.08.31"]
[EventType "swiss"]
[EventRounds "9"]
[EventCountry "ITA"]
[SourceTitle "CBM 132 Extra"]
[Source "ChessBase"]
[SourceDate "2009.11.03"]
[SourceVersion "1"]
[SourceVersionDate "2009.11.03"]
[SourceQuality "1"]

1. e4 c5 2. Nf3 Nc6 3. c3 Nf6 4. e5 Nd5 5. d4 cxd4 6. Bc4 Nb6 7. Bb3 e6 8. cxd4 d6 9. exd6 Bxd6 10. 0-0 0-0 11. Nc3 a6 12. a3 Qc7 13. Qd3 e5 14. Ng5 g6 15. Nxh7 Kxh7 16. Qe3 Bf5 17. Qh6+ Kg8 18. g4 Bxg4 19. Qxg6+ Kh8 20. Qf6+ Kh7 21. Bc2+ Kg8 22. Bh6 1-0

[Event "GBR-ch 96th"]
[Site "Torquay"]
[Date "2009.08.01"]
[Round "6"]
[White "Dines, Sheila"]
[Black "Griffiths, Ryan Rhys"]
[Result "0-1"]
[WhiteElo "1936"]
[BlackElo "2137"]
[PlyCount "92"]
[EventDate "2009.07.27"]
[EventType "swiss"]
[EventRounds "11"]
[EventCountry "ENG"]
[SourceTitle "CBM 131 Extra"]
[Source "ChessBase"]
[SourceDate "2009.09.03"]
[SourceVersion "2"]
[SourceVersionDate "2009.09.16"]
[SourceQuality "1"]

1. e4 c5 2. Nf3 d6 3. d4 cxd4 4. Nxd4 Nf6 5. Nc3 a6 6. f3 e5 7. Nb3 Be6 8. Be3 Be7 9. Be2 0-0 10. 0-0 Nbd7 11. Nd5 Nxd5 12. exd5 Bf5 13. f4 Rc8 14. c4 exf4 15. Bxf4 Bg6 16. Kh1 Re8 17. Bd3 Nb6 18. Rc1 Bf6 19. Rf2 Na4 20. Bxg6 hxg6 21. Nd4 Re4 22. Qxa4 Bxd4 23. Qc2 Qe7 24. Rff1 Re8 25. b3 Re2 26. Qd3 Bc5 27. Rc2 Re1 28. Rc1 Re2 29. Rc2 Re1 30. Rc1 Re4 31. h3 g5 32. Bh2 g4 33. hxg4 Rxg4 34. Qf5 Rg5 35. Qf3 g6 36. Rc2 Rf5 37. Qd1 Rh5 38. Rc3 Qe4 39. Rcf3 Qe5 40. Rh3 Rxh3 41. gxh3 Qe4+ 42. Qf3 Qxf3+ 43. Rxf3 Re1+ 44. Kg2 Re2+ 45. Kg3 Bd4 46. Kg4 Rxh2 0-1

[Event "GBR-ch 96th"]
[Site "Torquay"]
[Date "2009.07.29"]
[Round "3"]
[White "Green, Andrew"]
[Black "Dines, Sheila"]
[Result "1/2-1/2"]
[WhiteElo "2203"]
[BlackElo "1936"]
[PlyCount "73"]
[EventDate "2009.07.27"]
[EventType "swiss"]
[EventRounds "11"]
[EventCountry "ENG"]
[SourceTitle "CBM 131 Extra"]
[Source "ChessBase"]
[SourceDate "2009.09.03"]
[SourceVersion "2"]
[SourceVersionDate "2009.09.16"]
[SourceQuality "1"]

1. e4 e5 2. Nf3 Nc6 3. Bb5 a6 4. Ba4 Nf6 5. d3 d6 6. c4 Be7 7. h3 Nd7 8. Nc3 Nb6 9. Bb3 f5 10. d4 exd4 11. Nxd4 Nxd4 12. Qxd4 Bf6 13. Qe3 Qe7 14. 0-0 Bxc3 15. Qxc3 fxe4 16. Bh6 Be6 17. Bxg7 Rg8 18. Bf6 Qf7 19. Rfe1 Qg6 20. g3 Kd7 21. c5 Nd5 22. Bxd5 Bxd5 23. cxd6 cxd6 24. Qd4 Bc6 25. Rad1 d5 26. Rxe4 Rae8 27. Rf4 Re2 28. Bh4 Rge8 29. Rg4 Qc2 30. Rg7+ Kc8 31. Qg4+ Kb8 32. Qf4+ Ka8 33. Rf1 Re1 34. Rxe1 Rxe1+ 35. Kh2 Qd1 36. Rg8+ Be8 37. Qc7 1/2-1/2

[Event "GBR-ch 96th"]
[Site "Torquay"]
[Date "2009.07.28"]
[Round "2"]
[White "Dines, Sheila"]
[Black "Cumbers, Paul"]
[Result "0-1"]
[WhiteElo "1936"]
[BlackElo "2207"]
[PlyCount "60"]
[EventDate "2009.07.27"]
[EventType "swiss"]
[EventRounds "11"]
[EventCountry "ENG"]
[SourceTitle "CBM 131 Extra"]
[Source "ChessBase"]
[SourceDate "2009.09.03"]
[SourceVersion "2"]
[SourceVersionDate "2009.09.16"]
[SourceQuality "1"]

1. e4 e6 2. d4 d5 3. Nd2 Nc6 4. c3 e5 5. exd5 Qxd5 6. dxe5 Nxe5 7. Ngf3 Nd3+ 8. Bxd3 Qxd3 9. Qa4+ Bd7 10. Qe4+ Qxe4+ 11. Nxe4 Bc6 12. Ned2 0-0-0 13. 0-0 Ne7 14. Nd4 Bd7 15. N2f3 Nc6 16. Be3 Nxd4 17. Bxd4 f6 18. Rfe1 c5 19. Be3 Bd6 20. Nd2 b6 21. a4 Rhe8 22. Nc4 Bc7 23. a5 Kb7 24. b4 cxb4 25. axb6 axb6 26. cxb4 Re4 27. Rec1 Be6 28. Nb2 Be5 29. Rcb1 Rxb4 30. Na4 Bxa1 0-1

[Event "GBR-ch Major op 95th"]
[Site "Liverpool"]
[Date "2008.07.28"]
[Round "1"]
[White "Dines, Sheila"]
[Black "Ozanne, Mark S"]
[Result "0-1"]
[WhiteElo "1899"]
[BlackElo "2042"]
[PlyCount "56"]
[EventDate "2008.07.28"]
[EventType "swiss"]
[EventRounds "11"]
[EventCountry "ENG"]
[SourceTitle "CBM 125 Extra"]
[Source "ChessBase"]
[SourceDate "2008.09.01"]
[SourceVersion "1"]
[SourceVersionDate "2008.09.01"]
[SourceQuality "1"]

1. e4 c5 2. Nf3 d6 3. d4 cxd4 4. Nxd4 Nf6 5. Nc3 a6 6. f3 Qb6 7. Bc4 e6 8. Bb3 Be7 9. Be3 Qc7 10. a4 0-0 11. 0-0 Nc6 12. a5 Nxa5 13. Qe2 Nxb3 14. Nxb3 Bd7 15. Qf2 Rac8 16. Bb6 Qb8 17. Ba7 Qa8 18. Rfd1 Bc6 19. Na5 Rfd8 20. Nc4 d5 21. Ne5 dxe4 22. Rxd8+ Rxd8 23. Nxe4 Bxe4 24. fxe4 Bd6 25. Nd3 Nxe4 26. Qe3 Nf6 27. Bb6 Rc8 28. c3 Bxh2+ 0-1

[Event "BCF-chT2 0708 (4NCL)"]
[Site "Sunningdale"]
[Date "2008.05.04"]
[Round "10.7"]
[White "Dines, Sheila"]
[Black "Morris, Charles F"]
[Result "0-1"]
[WhiteElo "1896"]
[BlackElo "2189"]
[PlyCount "54"]
[EventDate "2007.09.15"]
[EventType "team-tourn"]
[EventRounds "11"]
[EventCountry "ENG"]
[SourceTitle "EXT 2023"]
[Source "ChessBase"]
[SourceDate "2022.10.05"]
[SourceVersion "1"]
[SourceVersionDate "2022.10.05"]
[SourceQuality "1"]
[WhiteTeam "Barbican"]
[BlackTeam "SW Dragons"]
[WhiteTeamCountry "ENG"]
[BlackTeamCountry "ENG"]

1. e4 e6 2. d4 d5 3. Nc3 Nf6 4. Bg5 Bb4 5. e5 h6 6. exf6 hxg5 7. fxg7 Rg8 8. Qf3 Nd7 9. a3 Be7 10. 0-0-0 Rxg7 11. Kb1 Nf8 12. Nge2 a6 13. g3 Bd7 14. Qd3 Ng6 15. Bg2 Bc6 16. Rdf1 Bd6 17. Qe3 Qe7 18. Na2 0-0-0 19. Nac1 Rh8 20. Nd3 Bb5 21. Rc1 f5 22. h3 Qf6 23. Ka2 Rf7 24. f4 gxf4 25. Nexf4 Nxf4 26. Nxf4 Re8 27. Bxd5 exd5 0-1

[Event "Blackpool op 32nd"]
[Site "Blackpool"]
[Date "2008.03.08"]
[Round "3"]
[White "Amato, Giampiero"]
[Black "Dines, Sheila"]
[Result "1-0"]
[WhiteElo "1971"]
[BlackElo "1910"]
[PlyCount "57"]
[EventDate "2008.03.07"]
[EventType "swiss"]
[EventRounds "5"]
[EventCountry "ENG"]
[SourceTitle "CBM 123 Extra"]
[Source "ChessBase"]
[SourceDate "2008.05.06"]
[SourceVersion "1"]
[SourceVersionDate "2008.05.06"]
[SourceQuality "1"]

1. e4 e5 2. Nf3 Nc6 3. Bb5 a6 4. Ba4 Nf6 5. 0-0 Be7 6. Re1 b5 7. Bb3 d6 8. c3 Na5 9. Bc2 c5 10. h3 0-0 11. d4 Qc7 12. Nbd2 Bd7 13. Nf1 Rac8 14. dxe5 dxe5 15. Ne3 Rfd8 16. Nd5 Nxd5 17. exd5 Bd6 18. Ng5 h6 19. Qh5 Be8 20. Ne4 Bf8 21. d6 Bxd6 22. Bxh6 gxh6 23. Qxh6 Be7 24. Re3 f6 25. Rg3+ Kf7 26. Ng5+ fxg5 27. Rf3+ Bf6 28. Qxf6+ Kg8 29. Qf8# 1-0

[Event "Guernsey op 33rd"]
[Site "Guernsey"]
[Date "2007.10.22"]
[Round "2"]
[White "Dines, Sheila"]
[Black "Kamps, JW."]
[Result "0-1"]
[WhiteElo "1901"]
[BlackElo "2077"]
[PlyCount "66"]
[EventDate "2007.10.21"]
[EventType "swiss"]
[EventRounds "7"]
[EventCountry "GCI"]
[SourceTitle "EXT 2009"]
[Source "ChessBase"]
[SourceDate "2008.11.26"]
[SourceVersion "1"]
[SourceVersionDate "2008.11.26"]
[SourceQuality "1"]

1. e4 e5 2. Nf3 d6 3. d4 exd4 4. Nxd4 Nf6 5. Nc3 Be7 6. f3 0-0 7. Bc4 Re8 8. Be3 c6 9. Qd2 b5 10. Bd3 b4 11. Nce2 c5 12. Nb3 Nc6 13. Bb5 Bd7 14. Bxc6 Bxc6 15. 0-0 Qc7 16. c3 a5 17. a3 a4 18. Nbc1 bxa3 19. Rxa3 d5 20. Bf4 Qb6 21. exd5 Nxd5 22. Kh1 Rad8 23. Qc2 c4 24. Ra1 Nxf4 25. Nxf4 Qe3 26. Nce2 Rd2 27. Qf5 g6 28. Qg4 Bd7 29. Qg3 Rxe2 30. Nxe2 Qxe2 31. Rf2 Qe3 32. Rd1 Bd6 33. Qh4 Qe1+ 0-1

[Event "Guernsey op 33rd"]
[Site "Guernsey"]
[Date "2007.10.21"]
[Round "1"]
[White "De Kruif, Kees"]
[Black "Dines, Sheila"]
[Result "1/2-1/2"]
[WhiteElo "2063"]
[BlackElo "1901"]
[PlyCount "48"]
[EventDate "2007.10.21"]
[EventType "swiss"]
[EventRounds "7"]
[EventCountry "GCI"]
[SourceTitle "EXT 2009"]
[Source "ChessBase"]
[SourceDate "2008.11.26"]
[SourceVersion "1"]
[SourceVersionDate "2008.11.26"]
[SourceQuality "1"]

1. b4 e5 2. Bb2 Bxb4 3. Bxe5 Nf6 4. Nc3 Nc6 5. Bxf6 Qxf6 6. Nd5 Qe5 7. Nxb4 Nxb4 8. Rb1 a5 9. Nf3 Qf6 10. c3 Nc6 11. g3 b6 12. Bg2 Bb7 13. 0-0 0-0 14. d4 d5 15. Nd2 Ne7 16. e4 dxe4 17. Nxe4 Bxe4 18. Bxe4 Rad8 19. Rb5 Rfe8 20. Qc2 h6 21. Re1 Nc8 22. Re2 Nd6 23. Re5 Nxe4 24. R2xe4 Rxe5 1/2-1/2

[Event "EU-ch U14 Girls"]
[Site "Herceg Novi"]
[Date "2006.09.18"]
[Round "8"]
[White "Thilaganathan, Jessica"]
[Black "Dines, Sheila"]
[Result "1/2-1/2"]
[WhiteElo "1895"]
[BlackElo "1926"]
[PlyCount "47"]
[EventDate "2006.09.10"]
[EventType "swiss"]
[EventRounds "9"]
[EventCountry "MNE"]
[SourceTitle "CBM 114 Extra"]
[Source "ChessBase"]
[SourceDate "2006.11.03"]
[SourceVersion "1"]
[SourceVersionDate "2006.11.03"]
[SourceQuality "1"]

1. d4 Nf6 2. Nf3 g6 3. g3 Bg7 4. Bg2 d6 5. c4 0-0 6. 0-0 Nbd7 7. d5 Nb6 8. Nfd2 e5 9. dxe6 fxe6 10. Nc3 e5 11. Qb3 Kh8 12. Nd5 Nbd7 13. Qc2 c6 14. Nc3 Nb6 15. b3 Be6 16. Ba3 Rf7 17. Nf3 Qc7 18. Rad1 Rd7 19. Ng5 Bg8 20. Bh3 Rdd8 21. c5 dxc5 22. Bxc5 Nbd5 23. Nge4 b6 24. Ba3 1/2-1/2